<?xml version="1.0" encoding="UTF-8"?>
<collection xmlns="http://www.loc.gov/MARC21/slim">
 <record>
  <leader>00884nam a22002295a 4500</leader>
  <controlfield tag="001">CEM.cems017749</controlfield>
  <controlfield tag="005">20120314123745.0</controlfield>
  <controlfield tag="008">130507s1998##################000#0#####d</controlfield>
  <controlfield tag="003">CEMS</controlfield>
  <datafield tag="020" ind1=" " ind2=" ">
   <subfield code="a">950460501X</subfield>
  </datafield>
  <datafield tag="082" ind1="0" ind2="4">
   <subfield code="a">510</subfield>
  </datafield>
  <datafield tag="100" ind1="1" ind2=" ">
   <subfield code="a">Latorre, María Laura</subfield>
  </datafield>
  <datafield tag="245" ind1="1" ind2="0">
   <subfield code="a">Matemática 9 /</subfield>
   <subfield code="c">María Laura Latorre ... [et Al.]</subfield>
  </datafield>
  <datafield tag="260" ind1=" " ind2=" ">
   <subfield code="a">Buenos Aires :</subfield>
   <subfield code="b">Santillana,</subfield>
   <subfield code="c">1998</subfield>
  </datafield>
  <datafield tag="300" ind1=" " ind2=" ">
   <subfield code="a">239 p.</subfield>
  </datafield>
  <datafield tag="505" ind1="0" ind2=" ">
   <subfield code="a">Números reales -- Vectores -- Expresiones algebraicas -- Ecuaciones, inecuaciones y sistemas -- Geometría y mediciones -- Movimientos y proporcionalidad geométrica -- Trigonometría -- Funciones -- Combinatoria, probabilidad y estadística</subfield>
  </datafield>
  <datafield tag="653" ind1=" " ind2=" ">
   <subfield code="a">Matemática</subfield>
  </datafield>
  <datafield tag="653" ind1=" " ind2=" ">
   <subfield code="a">Matemática-egb</subfield>
  </datafield>
  <datafield tag="700" ind1="1" ind2=" ">
   <subfield code="a">Spivak, Laura</subfield>
  </datafield>
  <datafield tag="700" ind1="1" ind2=" ">
   <subfield code="a">Kaczor, Pablo J.</subfield>
  </datafield>
  <datafield tag="700" ind1="1" ind2=" ">
   <subfield code="a">Elizondo, María Celina L. de</subfield>
  </datafield>
  <datafield tag="859" ind1=" " ind2=" ">
   <subfield code="a">CEMS</subfield>
   <subfield code="b">BIB. CEMS - Agricultura</subfield>
   <subfield code="h">510</subfield>
   <subfield code="i">L351</subfield>
   <subfield code="p">A1499.12</subfield>
   <subfield code="t">Ej.1</subfield>
   <subfield code="v">9</subfield>
   <subfield code="3">9</subfield>
  </datafield>
 </record>
</collection>
